Meranie a hodnotenie užitočnosti

Užitočnosť ako vnímanie vlastného šťastia a spokojnosti spotrebiteľa. Užitočnosť založená na preferenciách spotrebiteľa. Hodnotenie užitočnosti. Meranie užitočnosti - kardinalistický prístup. Zákon klesajúcej hraničnej užitočnosti. Zákon vyrovnávania hraničných užitočností. Príklad celkovej a hranič...

ver descrição completa

Na minha lista:
Detalhes bibliográficos
Autor principal: Kissová, Jana, 1979-
Formato: Capítulo de Livro
Idioma:eslovaco
Assuntos:
Tags: Adicionar Tag
Sem tags, seja o primeiro a adicionar uma tag!

MARC

LEADER 00000nla$a2200000$$$4500
001 0075994
005 20240613072411.9
041 0 |a slo 
044 |a SK 
245 1 0 |a Meranie a hodnotenie užitočnosti  |c Jana Kissová 
520 |a Užitočnosť ako vnímanie vlastného šťastia a spokojnosti spotrebiteľa. Užitočnosť založená na preferenciách spotrebiteľa. Hodnotenie užitočnosti. Meranie užitočnosti - kardinalistický prístup. Zákon klesajúcej hraničnej užitočnosti. Zákon vyrovnávania hraničných užitočností. Príklad celkovej a hraničnej užitočnosti. Ordinalistický prístup k užitočnosti. 
610 2 0 |a spotrebitelia 
610 2 0 |a správanie spotrebiteľa 
610 2 0 |a tovar 
610 2 0 |a nákup 
610 2 0 |a spokojnosť zákazníkov 
610 2 0 |a teórie ekonomické 
100 1 |a Kissová, Jana, 1979-